| 000 | 01249cam a2200241 i 4500 | ||
|---|---|---|---|
| 005 | 20250329170942.0 | ||
| 006 | m d | ||
| 007 | cr cnu---auaua | ||
| 008 | 170629s2014 ck a gs 000 0 spa | ||
| 040 |
_aCO-CtgCURN _bspa _ccoctgcurn |
||
| 082 | 0 | 4 |
_a303.609 _bC397 |
| 110 | 2 | _bCentro Nacional de Memoria Histórica. | |
| 245 | 1 | 4 |
_aUna historia de paz para contar, recontar y no olvidar _h[electronic resource] : _bcartilla sobre la historia de la ATCC / _cCentro Nacional de Memoria Histórica. |
| 260 | 1 |
_aBogotá : : _bCentro Nacional de Memoria Histórica,, _c2014. |
|
| 300 |
_a108 páginas : _bgráficos, ilustraciones en blanco y negro ; _c20 cm. |
||
| 500 | _aIncluye glosario. | ||
| 504 | _aBibliografía: páginas 99-100. | ||
| 650 | 1 | 4 | _aViolencia. |
| 650 | 2 | 4 | _aCampesinos. |
| 856 | 4 | 0 |
_uhttps://unicurn.sharepoint.com/sites/biblioteca/Conservacin/Forms/AllItems.aspx?id=%2Fsites%2Fbiblioteca%2FConservacin%2Fkoha%2FLibros%2FUna%20historia%20de%20paz%20para%20contar%2C%20recontar%20y%20no%20olvidar%2Epdf&parent=%2Fsites%2Fbiblioteca%2FConservacin%2Fkoha%2FLibros&p=true&ga=1 _zClick para ver texto completo |
| 942 |
_cCF _2ddc _h303.609 _iC397 |
||
| 999 |
_c6961 _d6961 |
||